| 000 | 00641 a2200181 4500 | ||
|---|---|---|---|
| 040 | _aDLC | ||
| 082 | 0 | 0 | _a519.5 |
| 100 | 1 | _aGordon, Sheldon P. | |
| 245 | 1 | 0 |
_aContemporary statistics: a computer approach _ba computer approach _cSheldon P. Gordon, Florence S. Gordon. |
| 260 |
_aNew York : _bMcGraw-Hill, _cc1994. |
||
| 300 |
_axv, 695 P. : _bill. (some col.) ; _c25 cm. + _e1 computer disk (3 1/2 in.) |
||
| 500 | _aIBM PC compatibles; DOS; hard drive or floppy disk drive. | ||
| 500 | _aIncludes index. | ||
| 650 | 0 | _aStatistics. | |
| 650 | 0 |
_aStatistics _xData processing. |
|
| 700 | 1 | _aGordon, Florence S. | |
| 942 |
_cBK _k519.5 GOR _2ddc |
||
| 999 |
_c7695 _d7695 |
||